00000000nam 2200000zi 4500
0019.952871
003CaOODSP
00520250821133712
006m     o  d f      
007cr |n|||||||||
008250702e199607##abc     o    f|0| 0 eng d
040 |aCaOODSP|beng|erda|cCaOODSP
043 |an-cn---
0861 |aDR52-2/13-1996E-PDF
1001 |aMcDonald, Michael L., |eauthor.
24510|aIonizing radiation safety / |cby M.L. McDonald and W.G. Soucey.
264 1|aMedicine Hat, Alberta : |bDefence Research Establishment Suffield, |cJuly 1996.
300 |a1 online resource (1 volume (various pagings)).
336 |atext|btxt|2rdacontent
337 |acomputer|bc|2rdamedia
338 |aonline resource|bcr|2rdacarrier
4901 |aSuffield special publication ; |vNo. 167
500 |aDigitized edition from print [produced by Defence Research and Development Canada].
500 |a"Unclassified."
5203 |a"This publication briefly describes the DRES ionizing radiation safety program, functions of the Radiation Safety Officer (Rad SO), user responsibilties and general procedures for working with radiosisotopes" -- Abstract, page iii.
650 0|aIonizing radiation|xSafety measures.
650 6|aRayonnement ionisant|xSécurité|xMesures.
7102 |aDefence Research Establishment Suffield, |eissuing body.
830#0|aSuffield special publication ;|vNo. 167.|w(CaOODSP)9.926017
85640|qPDF|s1.09 MB|uhttps://publications.gc.ca/collections/collection_2025/rddc-drdc/DR52-2-13-1996-eng.pdf
986 |aDRES-SSP-167